Cơ sở hóa học hữu cơ Giáo trình dùng cho sinh viên ngành Hóa học, Công nghệ hóa học, Sinh học, Công nghệ sinh học, Y học, Dược học, Môi trường,....thuộc các hệ đào tạo Tập 3
Gồm các chương: Hợp chất Nitơ; Hợp chất dị vòng; Hidroxo và hidratcacbon; Aminoaxit - protit; Hợp chất cao phân tử; và Phương pháp phổ trong hóa hữu cơ.
সংরক্ষণ করুন:
| প্রধান লেখক: | |
|---|---|
| বিন্যাস: | গ্রন্থ |
| ভাষা: | Undetermined |
| প্রকাশিত: |
H.
Khoa học và Kỹ thuật
2008
|
| বিষয়গুলি: | |
| অনলাইন ব্যবহার করুন: | http://lrc.tdmu.edu.vn/opac/search/detail.asp?aID=2&ID=7555 |
| ট্যাগগুলো: |
ট্যাগ যুক্ত করুন
কোনো ট্যাগ নেই, প্রথমজন হিসাবে ট্যাগ করুন!
|
| Thư viện lưu trữ: | Trung tâm Học liệu Trường Đại học Thủ Dầu Một |
|---|
| LEADER | 01148nam a2200229Ia 4500 | ||
|---|---|---|---|
| 001 | TDMU_7555 | ||
| 008 | 210410s9999 xx 000 0 und d | ||
| 082 | |a 547 | ||
| 090 | |b TH103 | ||
| 100 | |a Thái, Doãn Tĩnh | ||
| 245 | 0 | |a Cơ sở hóa học hữu cơ | |
| 245 | 0 | |b Giáo trình dùng cho sinh viên ngành Hóa học, Công nghệ hóa học, Sinh học, Công nghệ sinh học, Y học, Dược học, Môi trường,....thuộc các hệ đào tạo | |
| 245 | 0 | |c Thái Doãn Tĩnh | |
| 245 | 0 | |n Tập 3 | |
| 260 | |a H. | ||
| 260 | |b Khoa học và Kỹ thuật | ||
| 260 | |c 2008 | ||
| 300 | |a 395 tr. | ||
| 520 | |a Gồm các chương: Hợp chất Nitơ; Hợp chất dị vòng; Hidroxo và hidratcacbon; Aminoaxit - protit; Hợp chất cao phân tử; và Phương pháp phổ trong hóa hữu cơ. | ||
| 650 | |a Hóa học |x Hữu cơ; Hóa học hữu cơ |x Lý thuyết; Hóa hữu cơ | ||
| 856 | |u http://lrc.tdmu.edu.vn/opac/search/detail.asp?aID=2&ID=7555 | ||
| 980 | |a Trung tâm Học liệu Trường Đại học Thủ Dầu Một | ||